Ideas del canario y otros cuentos
Guardat en:
| Autor principal: | |
|---|---|
| Format: | Llibre |
| Idioma: | Undetermined |
| Publicat: |
Buenos Aires, Argentina
Editorial Losada
1993
|
| Matèries: | |
| Etiquetes: |
Afegir etiqueta
Sense etiquetes, Sigues el primer a etiquetar aquest registre!
|
MARC
| LEADER | 00000nam a2200000Ia 4500 | ||
|---|---|---|---|
| 008 | 170316s9999 xx 000 0 und d | ||
| 040 | |a cru BVZT | ||
| 090 | |a 869 M-1i | ||
| 100 | |a Machado de Assis, J. M. | ||
| 245 | |a Ideas del canario y otros cuentos | ||
| 260 | |a Buenos Aires, Argentina | ||
| 260 | |b Editorial Losada | ||
| 260 | |c 1993 | ||
| 300 | |a 263 páginas | ||
| 650 | |a LITERATURA BRASILEÑA | ||
| 999 | |c 11705 |d 11705 | ||
| 942 | |c 15 D |h 869 M-1i |2 z | ||
